[Event "AUT-ch U14 Online Rapid"]
[Site "Playchess.com INT"]
[Date "2020.12.13"]
[Round "2"]
[White "Bakalarz, Adrian"]
[Black "Kuenstl, Florian"]
[Result "0-1"]
[WhiteElo "1620"]
[BlackElo "1531"]
[PlyCount "48"]
[EventDate "2020.12.13"]
[EventType "swiss (rapid)"]
[EventRounds "7"]
[EventCountry "AUT"]
[SourceTitle "EXT 2022"]
[Source "ChessBase"]
[SourceDate "2021.10.06"]
[SourceVersion "1"]
[SourceVersionDate "2021.10.06"]
[SourceQuality "1"]

1. e4 e6 2. d4 d5 3. Nc3 Nf6 4. Bg5 dxe4 5. Nxe4 Be7 6. Bxf6 Bxf6 7. Nf3 Nd7 8. c3 b6 9. Bd3 Bb7 10. Ng3 0-0 11. h4 e5 12. d5 h6 13. c4 Nc5 14. Nf5 e4 15. g4 Nxd3+ 16. Kd2 Bxb2 17. g5 h5 18. Nh6+ Kh7 19. Nh2 Qd6 20. Qxh5 Qf4+ 21. Kc2 Qxf2+ 22. Kb3 Nc5+ 23. Kb4 Qd2+ 24. Kb5 a6# 0-1

[Event "AUT-ch U14 Online Rapid"]
[Site "Playchess.com INT"]
[Date "2020.12.13"]
[Round "7"]
[White "Marakovits, Nico"]
[Black "Kuenstl, Florian"]
[Result "1-0"]
[WhiteElo "1859"]
[BlackElo "1712"]
[PlyCount "21"]
[EventDate "2020.12.13"]
[EventType "swiss (rapid)"]
[EventRounds "7"]
[EventCountry "AUT"]
[SourceTitle "EXT 2022"]
[Source "ChessBase"]
[SourceDate "2021.10.06"]
[SourceVersion "1"]
[SourceVersionDate "2021.10.06"]
[SourceQuality "1"]

1. d4 Nf6 2. c4 g6 3. Nc3 Bg7 4. e4 0-0 5. Nf3 d6 6. Be2 e5 7. 0-0 Re8 8. dxe5 dxe5 9. Bg5 Qe7 10. Nd5 c6 11. Nxe7+ 1-0

[Event "AUT-ch U14 Online Blitz"]
[Site "Playchess.com INT"]
[Date "2020.12.11"]
[Round "5"]
[White "Hoerfarter, Alexander"]
[Black "Kuenstl, Florian"]
[Result "0-1"]
[WhiteElo "1620"]
[BlackElo "1402"]
[PlyCount "136"]
[EventDate "2020.12.11"]
[EventType "swiss (blitz)"]
[EventRounds "7"]
[EventCountry "AUT"]
[SourceTitle "EXT 2022"]
[Source "ChessBase"]
[SourceDate "2021.10.06"]
[SourceVersion "1"]
[SourceVersionDate "2021.10.06"]
[SourceQuality "1"]

1. e4 e6 2. Nf3 d5 3. exd5 exd5 4. d4 Bd6 5. Bd3 Ne7 6. c3 Nbc6 7. Bg5 f6 8. Be3 Bg4 9. h3 Bh5 10. g4 Bg6 11. Bxg6+ hxg6 12. Nbd2 Qd7 13. Qc2 g5 14. 0-0-0 0-0-0 15. Nb3 Rh6 16. h4 Qxg4 17. Qe2 Bf4 18. Bxf4 Qxf4+ 19. Kb1 gxh4 20. Rd3 g5 21. Nfd2 Qf5 22. Ka1 Ng6 23. Rf3 Nf4 24. Qe3 Qe6 25. Qxe6+ Nxe6 26. Re3 Nf4 27. Nf3 Rdh8 28. Ree1 h3 29. Rh2 Ng2 30. Rg1 g4 31. Ne1 f5 32. Nd3 Ne7 33. Ne5 R6h7 34. f3 g3 35. Rhh1 f4 36. Ng4 Ne3 37. Nxe3 fxe3 38. Rxg3 h2 39. Rg2 Nf5 40. Kb1 Rh3 41. Kc2 Rxf3 42. Rhxh2 Rxh2 43. Rxh2 Rf2+ 44. Rxf2 exf2 45. Nd2 Ne3+ 46. Kd3 f1Q+ 47. Nxf1 Nxf1 48. Ke2 Ng3+ 49. Kf2 Ne4+ 50. Kf3 c6 51. Ke3 b5 52. Kf3 Kd7 53. Kf4 Ke6 54. Ke3 a5 55. Kf3 Kf5 56. Ke3 Kg4 57. Ke2 Kg3 58. Ke3 Nf6 59. Ke2 Kf4 60. Kd3 Ng4 61. Ke2 Ke4 62. Kd2 Ne3 63. Ke2 a4 64. Kd2 Nc4+ 65. Kc2 Ke3 66. Kc1 Kd3 67. b3 axb3 68. axb3 Kxc3 0-1

[Event "AUT-ch U14 Online Blitz"]
[Site "Playchess.com INT"]
[Date "2020.12.11"]
[Round "4"]
[White "Stadlinger, Lukas"]
[Black "Kuenstl, Florian"]
[Result "0-1"]
[WhiteElo "1286"]
[BlackElo "1342"]
[PlyCount "118"]
[EventDate "2020.12.11"]
[EventType "swiss (blitz)"]
[EventRounds "7"]
[EventCountry "AUT"]
[SourceTitle "EXT 2022"]
[Source "ChessBase"]
[SourceDate "2021.10.06"]
[SourceVersion "1"]
[SourceVersionDate "2021.10.06"]
[SourceQuality "1"]

1. e4 e6 2. d4 d5 3. Nd2 Nf6 4. e5 Nfd7 5. Ngf3 c5 6. c4 dxc4 7. Bxc4 cxd4 8. Nb3 Bc5 9. Nxc5 Nxc5 10. Qxd4 Qxd4 11. Nxd4 0-0 12. 0-0 Rd8 13. Be3 b6 14. Nb5 Nba6 15. Rad1 Bd7 16. Nd6 Nb4 17. a3 Nc6 18. Bxc5 bxc5 19. Nb7 Rdb8 20. Nxc5 Be8 21. Rd2 Nxe5 22. Be2 Rc8 23. Na6 Nc4 24. Bxc4 Rxc4 25. Nb4 a5 26. Nc2 Rac8 27. Ne3 R4c7 28. Rfd1 Ba4 29. Rd8+ Be8 30. Rxc8 Rxc8 31. h3 Kf8 32. Rd2 Ba4 33. Kh2 e5 34. Ng4 f6 35. Rd3 Ke7 36. Rc3 Rxc3 37. bxc3 Kd6 38. Ne3 Kc5 39. Nf5 Kc4 40. Nxg7 Kxc3 41. Ne8 Kb3 42. Nxf6 Kxa3 43. Nxh7 Bc2 44. Nf6 Kb2 45. Nd5 a4 46. Nb4 Kb3 47. Nd5 a3 48. Ne3 a2 49. Nxc2 Kxc2 50. h4 a1Q 51. g3 Qd4 52. Kg2 Qg4 53. f3 Qg7 54. Kh3 Kd3 55. g4 Ke3 56. Kg3 e4 57. f4 Qb2 58. h5 Qf2+ 59. Kh3 Kf3 0-1

[Event "AUT-ch U12"]
[Site "St Kanzian"]
[Date "2018.05.20"]
[Round "4.12"]
[White "Hundertpfund, Nikolaus"]
[Black "Kuenstl, Florian"]
[Result "0-1"]
[WhiteElo "1204"]
[BlackElo "1771"]
[PlyCount "66"]
[EventDate "2018.05.19"]
[EventType "swiss"]
[EventRounds "7"]
[EventCountry "AUT"]
[SourceTitle "EXT 2024"]
[Source "ChessBase"]
[SourceDate "2023.10.10"]
[SourceVersion "1"]
[SourceVersionDate "2023.10.10"]
[SourceQuality "1"]

1. d4 Nf6 2. Nf3 g6 3. e3 Bg7 4. c4 d6 5. Nc3 0-0 6. Bd3 Nbd7 7. 0-0 e5 8. dxe5 Nxe5 9. Nxe5 dxe5 10. b3 Qe7 11. Qe2 e4 12. Bc2 Bg4 13. Qe1 Rfd8 14. h3 Bd7 15. Bb2 Bc6 16. Rd1 Nh5 17. Rb1 f5 18. Ne2 Bxb2 19. Rxb2 Qg5 20. Bd1 f4 21. Nxf4 Nxf4 22. exf4 Qxf4 23. Qe3 Qxe3 24. fxe3 Rd3 25. Re2 Rad8 26. Bc2 Rd2 27. Rff2 Rxe2 28. Rxe2 Kf7 29. Kf2 Ke6 30. Kg3 Ke5 31. Kg4 h6 32. g3 Rf8 33. h4 Bd7# 0-1

[Event "AUT-ch U10"]
[Site "St Kanzian"]
[Date "2017.06.17"]
[Round "5.5"]
[White "Freilinger, Simon"]
[Black "Kuenstl, Florian"]
[Result "0-1"]
[WhiteElo "893"]
[BlackElo "1320"]
[PlyCount "40"]
[EventDate "2017.06.16"]
[EventType "swiss"]
[EventRounds "7"]
[EventCountry "AUT"]
[SourceTitle "EXT 2024"]
[Source "ChessBase"]
[SourceDate "2023.10.10"]
[SourceVersion "1"]
[SourceVersionDate "2023.10.10"]
[SourceQuality "1"]

1. e4 e5 2. Nf3 Nc6 3. Bb5 a6 4. Ba4 Nf6 5. d3 b5 6. Bb3 h6 7. a3 Bc5 8. h3 d6 9. Nc3 Be6 10. Bxe6 fxe6 11. 0-0 0-0 12. Bd2 Nd4 13. Ne2 Nxf3+ 14. gxf3 Nh7 15. Ng3 Ng5 16. Rb1 Nxh3+ 17. Kg2 Nf4+ 18. Bxf4 Rxf4 19. Re1 Qf6 20. Nh5 Qg5+ 0-1